[Event "Titled Tuesday intern op 21st May Early"]
[Site "Chess.com INT"]
[Date "2024.05.21"]
[Round "7"]
[White "Triapishko, Alexandr"]
[Black "Gubajdullin, Alexey"]
[Result "0-1"]
[WhiteElo "2480"]
[BlackElo "2233"]
[PlyCount "52"]
[EventDate "2024.05.21"]
[EventType "swiss (blitz)"]
[EventRounds "11"]
[EventCountry "USA"]
[SourceTitle "CBM 220 Extra"]
[Source "ChessBase"]
[SourceDate "2024.07.31"]
[SourceVersion "1"]
[SourceVersionDate "2024.07.31"]
[SourceQuality "1"]

1. d4 Nf6 2. c4 g6 3. Nf3 Bg7 4. g3 0-0 5. Bg2 d6 6. 0-0 Nbd7 7. Nc3 e5 8. e3 c6 9. b3 a5 10. Ba3 exd4 11. exd4 Nb6 12. Re1 a4 13. c5 Nbd5 14. Nxa4 b5 15. cxb6 Nxb6 16. Nxb6 Rxa3 17. Nxc8 Qxc8 18. Qc1 Qa6 19. Nd2 Rxa2 20. Rxa2 Qxa2 21. Bxc6 Rc8 22. Nf3 Ng4 23. Rf1 Qxb3 24. Kg2 Bh6 25. Bd5 Qb8 26. Qd1 Qb2 0-1

[Event "Titled Tuesday intern op 21st May Early"]
[Site "Chess.com INT"]
[Date "2024.05.21"]
[Round "6"]
[White "Triapishko, Alexandr"]
[Black "Pinero Rodriguez, Carlos Jose"]
[Result "1-0"]
[WhiteElo "2480"]
[BlackElo "2284"]
[PlyCount "87"]
[EventDate "2024.05.21"]
[EventType "swiss (blitz)"]
[EventRounds "11"]
[EventCountry "USA"]
[SourceTitle "CBM 220 Extra"]
[Source "ChessBase"]
[SourceDate "2024.07.31"]
[SourceVersion "1"]
[SourceVersionDate "2024.07.31"]
[SourceQuality "1"]

1. c4 Nf6 2. Nc3 c5 3. Nf3 e6 4. d4 cxd4 5. Nxd4 a6 6. e4 Qc7 7. a3 d6 8. f3 Be7 9. Be3 0-0 10. Rc1 b6 11. Be2 Bb7 12. 0-0 Nbd7 13. b4 Rac8 14. Qd2 Qb8 15. Rc2 Bd8 16. Kh1 Bc7 17. Bg1 Rfe8 18. Rb1 h6 19. Na4 Ne5 20. Nb3 Nxe4 21. fxe4 Bxe4 22. Nc3 Bb7 23. Bf1 Bd8 24. Rd1 Nxc4 25. Bxc4 Rxc4 26. Qe2 Qc7 27. Rdc1 Bg5 28. Bxb6 Qc8 29. Na5 Bd5 30. Nxc4 Bxc4 31. Qe1 Bxc1 32. Rxc1 d5 33. Bc5 Qb8 34. h3 e5 35. Ne4 Re6 36. Nd2 Bb5 37. Qh4 d4 38. Ne4 f5 39. Ng3 Rf6 40. a4 Bxa4 41. Nh5 Rf7 42. Qg3 f4 43. Qg6 Qe8 44. Re1 1-0

[Event "Moscow Aeroflot op-A"]
[Site "Moscow"]
[Date "2024.03.04"]
[Round "3"]
[White "Sattarov, Bobir"]
[Black "Triapishko, Alexandr"]
[Result "0-1"]
[WhiteElo "2351"]
[BlackElo "2500"]
[PlyCount "104"]
[EventDate "2024.03.03"]
[EventType "swiss"]
[EventRounds "9"]
[EventCountry "RUS"]
[SourceTitle "CBM 219 Extra"]
[Source "ChessBase"]
[SourceDate "2024.05.31"]
[SourceVersion "1"]
[SourceVersionDate "2024.05.31"]
[SourceQuality "1"]

1. d4 Nf6 2. Nf3 e6 3. c3 c5 4. Bg5 Qb6 5. Qb3 d5 6. Nbd2 Nc6 7. e3 Be7 8. Be2 Bd7 9. h3 Rc8 10. 0-0 Ne4 11. Bxe7 Nxd2 12. Nxd2 Nxe7 13. Qa3 Bb5 14. Bxb5+ Qxb5 15. Qxa7 Qxb2 16. Nb3 cxd4 17. cxd4 0-0 18. Qxb7 Nf5 19. Nc5 Qxb7 20. Nxb7 Rc2 21. a4 Ra8 22. a5 g5 23. Rfb1 h5 24. g4 hxg4 25. hxg4 Nh6 26. Nc5 Nxg4 27. a6 Nxf2 28. Kg2 Ne4+ 29. Kh3 Nxc5 30. dxc5 Rxc5 31. a7 Rcc8 32. Rb7 Kg7 33. Rf1 Rf8 34. Kg4 Kg6 35. Rfb1 f5+ 36. Kf3 Rf7 37. Rxf7 Kxf7 38. Rb7+ Kf6 39. Kg3 Ke5 40. Re7 g4 41. Kh4 f4 42. exf4+ Kxf4 43. Rf7+ Ke3 44. Re7 Kf3 45. Rf7+ Ke4 46. Kxg4 Rg8+ 47. Kh5 d4 48. Rg7 Ra8 49. Kg5 d3 50. Rd7 e5 51. Kf6 Ke3 52. Kxe5 d2 0-1